| 000 | 00894pam a2200229 a 4500 | ||
|---|---|---|---|
| 020 | _a0891181032 (paperback) | ||
| 040 | _cDLC | ||
| 082 | 0 | 0 |
_a630 s _a632 AME 1990 |
| 245 | 0 | 0 |
_aImpact of carbon dioxide, trace gases, and climate change on global agriculture : _bproceedings of a symposium / |
| 260 |
_aMadison, WI, USA : _bAmerican Society of Agronomy : _bCrop Science Society of America : _bSoil Science Society of America, _c1990. |
||
| 300 |
_axvii, 133 p. : _bill. ; _c23 cm. |
||
| 500 | _a"The symposium was held in Anaheim, CA, 1 December 1988." | ||
| 650 | 0 | _aClimatic changes | |
| 650 | 0 | _aMeteorology, Agricultural | |
| 650 | 0 | _aAtmospheric carbon dioxide | |
| 650 | 0 | _aGreenhouse gases | |
| 700 | 1 | _aKimball, Bruce A. | |
| 710 | 2 | _aAmerican Society of Agronomy. | |
| 710 | 2 | _aCrop Science Society of America. | |
| 710 | 2 | _aSoil Science Society of America. | |
| 942 | _cAEDBB | ||
| 999 |
_c11279 _d11279 |
||